| 000 | 00965nam a22002297a 4500 | ||
|---|---|---|---|
| 005 | 20150515144452.0 | ||
| 010 | _aENG-112680 | ||
| 020 |
_c195.00 _a9788123763460 |
||
| 035 | _aEN-96212 | ||
| 037 | _bDBAD/PUB | ||
| 082 | _a303.4840954 | ||
| 100 | _aVenkataraman, Ramaswami | ||
| 245 | 0 | 0 |
_aReflections of a statesman : _cby R. Venkataraman ;compiled and introduced by Ramaswamy R. Iyer with assistance from Suhasini Ramaswamy [and] Mahadevan Ramaswamy. _b selected post-presidential speeches of R. Venkataraman, former president of India |
| 260 |
_aNew Delhi _bNational Book Trust _c2011 |
||
| 270 |
_aNehru Bhawan, 5 Institutional Area, Phase-ll Vasant Kunj _bNew Delhi _e110070 |
||
| 300 |
_a xx, 403 p., [4] p. of plates : _c22cm(pbk) _bill. (chiefly col.) |
||
| 520 | _aOn various topics. | ||
| 700 | _a Iyer, Ramaswamy R. | ||
| 700 | _aRamaswamy, Suhasini. | ||
| 700 | _aRamaswamy, Mahadevan. | ||
| 942 |
_2ddc _cEN _mVEN _h303.4840954 |
||
| 999 |
_c92919 _d92919 |
||